00000000nam 2200000za 4500
0019.846732
003CaOODSP
00520221107153255
007cr |||||||||||
008171107s1986    onc    |o    f|0| 0 fre d
040 |aCaOODSP|bfre
043 |an-cn---
0861 |aCS11-0019/4F-PDF
1001 |aPicot, W. G.
24513|aLa modélisation des profils d'emploi des Canadiens au cours de leur existence |h[ressource électronique] / |cpar Garnett Picot.
260 |a[Ottawa] : |bStatistique Canada, |c1986.
300 |a35 p.
4900 |aDocuments de recherche ; |vno. 4
500 |aPubl. aussi en anglais sous le titre : Modelling the lifetime employment patterns of Canadians.
500 |aÉdition numérisée de l'imprimé [par Statistique Canada].
504 |aComprend des références bibliographiques.
520 |a« Le présent document utilise les données de l'Enquête sur la famille (ESF) de Statistique Canada pour étudier la relation qui existe entre les variables relatives à la famille et le mouvement continu des Canadiens, des femmes en particulier, qui entrent et sortent du marché du travail. Pour analyser ces relations, on a exprimé les probabilités de transition comme une fonction de variables telles que l'âge, le sexe, l'état civil, l'âge du dernier enfant et le niveau d'instruction atteint. »--Résumé.
69207|2gccst|aEmploi
69207|2gccst|aTravailleur
7102 |aStatistique Canada. |bDirection des études analytiques.
77508|tModelling the lifetime employment patterns of Canadians |w(CaOODSP)9.846727
830#0|aDocuments de recherche (Statistique Canada. Direction des études analytiques)|vno 4|w(CaOODSP)9.500842
85640|qPDF|s4.01 Mo|uhttps://publications.gc.ca/collections/collection_2017/statcan/11f0019m/CS11-0019-4-fra.pdf